Použitie zákonov úmrtnosti pri poistení spojeného života viacerých osôb

Pojem poistenie viacerých osôb. Teória poistenia viacerých životov. Zjednodušovanie určovania jednorazového netto poistného pri poistení viacerých osôb, nakoľko konštrukcia úmrtnostných tabuliek a zodpovedajúcich tabuliek komutačných čísel je pre skupinu osôb v rôznom veku pomerne zdlhavá. Možnosti...

Descrizione completa

Salvato in:
Dettagli Bibliografici
Autore principale: Bilíková, Mária, 1951-
Altri autori: Johanesová, Miroslava
Natura: Capitolo di libro
Lingua:slovacco
Soggetti:
Tags: Aggiungi Tag
Nessun Tag, puoi essere il primo ad aggiungerne!!

MARC

LEADER 00000naa$a2200000$$$4500
001 0075410
005 20240502071902.4
041 0 |a slo 
044 |a SK 
245 1 0 |a Použitie zákonov úmrtnosti pri poistení spojeného života viacerých osôb  |c Mária Bilíková, Miroslava Johanesová 
520 |a Pojem poistenie viacerých osôb. Teória poistenia viacerých životov. Zjednodušovanie určovania jednorazového netto poistného pri poistení viacerých osôb, nakoľko konštrukcia úmrtnostných tabuliek a zodpovedajúcich tabuliek komutačných čísel je pre skupinu osôb v rôznom veku pomerne zdlhavá. Možnosti využitia zákonov úmrtnosti v týchto výpočtoch a odvodenie vzorca, ktoré popisovanú možnosť použitia potvrdí. 
610 2 0 |a poistenie životné 
610 2 0 |a matematika poistná 
610 2 0 |a modely matematické 
610 2 0 |a úmrtnosť 
100 1 |a Bilíková, Mária, 1951- 
700 1 |a Johanesová, Miroslava